Tecnologías de la información y de la comunicación : t.i.c /

Guardado en:
Autor Principal: Camelli, Oscar
Otros Autores: Smith, Mariana
Formato: Libro
Publicado: Buenos Aires : A & L, 2005
Edición:2a. ed.
Materias:
Etiquetas: Agregar Etiqueta
Sin Etiquetas, Sea el primero en etiquetar este registro!
LEADER 01155nam a22002415a 4500
001 CEM.cems013040
005 20081103083929.0
008 130507s2005##################000#0#####d
003 CEMS
020 |a 9879142632 
082 0 4 |a 001.6 
100 1 |a Camelli, Oscar 
245 1 0 |a Tecnologías de la información y de la comunicación :  |b t.i.c /  |c Oscar Camelli, Mariana Smith 
250 |a 2a. ed. 
260 |a Buenos Aires :  |b  A & L,  |c 2005 
300 |a 208 p. 
505 0 |a Historia de la informática -- Componentes y dispositivos de la computadora -- La distribución de la información -- Navegando por Internet -- Evolución tecnológica -- Aporte de la tecnología a las comunicaciones -- Lenguaje multimedial -- La era cibernética y del conocimiento -- Sistema de información en las organizaciones -- Estrategias de comunicación -- El conocimiento de los consumidores -- Nos informamos, analizamos y comentamos 
653 |a Informática 
653 |a Computación 
653 |a T.i.c. 
653 |a Tecnologías de la información y la comunicación 
700 1 |a Smith, Mariana 
859 |a CEMS  |b BIB. CEMS - 11 de abril  |h 001.6  |i C144a2  |p 25450.08  |t Ej.1